00584 2200169 4500001002100000005001500021035002000036007000300056008004100059082000700100084001300107100001900120245017300139260004600312650004200358990001400400INLIS00000000000988820260415092950 a0010-0426000241ta260415 0  a81 a81 HAR t0 aHARIS FACHRIAL1 aTRANSFORMASI PARADIGMA APARAT PENGAWASAN INTERN PEMERINTAHAN (APIP) DARI PENCARI KESALAHAN MENJADI KONSULTAN DI INSPEKTORAT PROVINSI KALIMANTAN TENGAH /cHARIS FACHRIAL aPALANGKA RAYA :bPERPUSTAKAAN UMPR,c2026 4aAPARAT PENGAWASAN INTERN PEMERINTAHAN a238101225